NBA Players from Oregon State - Statistics

General Stats
  • This quiz has been taken 15 times
    5 since last reset
  • The average score is 8 of 29
Answer Stats
Position Player Draft Year % Correct
G Gary Payton 1990
60%
G Gary Payton II 2016
60%
F Omari Johnson 2011
60%
FC Steve Johnson 1981
60%
C Drew Eubanks 2018
40%
SG Jared Cunningham 2012
40%
PF A.C. Green 1985
20%
G Brent Barry 1995
20%
F Charlie Sitton 1984
20%
SG Corey Benjamin 1998
20%
F Dave Gambee 1958
20%
FC Eric Moreland 2014
20%
G Freddie Boyd 1972
20%
PF Gary Freeman 1970
20%
PG JaQuori McLaughlin 2021
20%
FC Jay Carty 1962
20%
GF John Mandic 1947
20%
C Kylor Kelley 2020
20%
G Lester Conner 1982
20%
FC Lonnie Shelton 1976
20%
SG Loy Petersen 1968
20%
SG Mark Radford 1981
20%
FC Mel Counts 1964
20%
SG Ray Blume 1981
20%
FC Red Rocha 1947
20%
F Ricky Berry 1988
20%
FC Scott Haskin 1993
20%
C Swede Halbrook 1956
20%
C Vic Bartolome 1970
20%
No matching quizzes found
Score Distribution
Percent of People with Each Score
Percentile by Number Answered
Your Score History
You have not taken this quiz since the last reset